Actividades para química ii : una propuesta diferente /
Guardado en:
| Autor Principal: | |
|---|---|
| Otros Autores: | , , |
| Formato: | Libro |
| Publicado: |
Buenos Aires :
Colihue,
1988
|
| Materias: | |
| Etiquetas: |
Agregar Etiqueta
Sin Etiquetas, Sea el primero en etiquetar este registro!
|
| LEADER | 00720nam a22002295a 4500 | ||
|---|---|---|---|
| 001 | CEM.cems017768 | ||
| 005 | 20120319110547.0 | ||
| 008 | 130507s1988##################000#0#####d | ||
| 003 | CEMS | ||
| 020 | |a 9505813422 | ||
| 082 | 0 | 4 | |a 547 |
| 100 | 1 | |a Mérida, Emilsé | |
| 245 | 1 | 0 | |a Actividades para química ii : |b una propuesta diferente / |c Emilsé Mérida ... [et Al.] |
| 260 | |a Buenos Aires : |b Colihue, |c 1988 | ||
| 300 | |a 197 p. | ||
| 653 | |a Química | ||
| 653 | |a Química-actividades | ||
| 700 | 1 | |a Sarría, Elsa | |
| 700 | 1 | |a Vidarte, Laura | |
| 700 | 1 | |a Wolf, Esther | |
| 859 | |a CEMS |b BIB. CEMS - Agricultura |h 547 |i M543 |p A1525.12 |t Ej.1 |v II |3 II | ||
| 859 | |a CEMS |b BIB. CEMS - Agricultura |h 547 |i M543 |p A1613.12 |t Ej.2 |v II |3 II | ||
